01393cam a22004094i 4500003000900000005001700009008004100026040003300067082002200100100002900122245011700151264003200268300007300300336002100373337002500394338002300419504002800442505018900470526000900659526000900668526000900677526000900686526000900695526000900704526000800713526000800721526000800729526000800737526000800745526000800753650003100761650003400792650002800826651004900854651003700903651004300940PE-LiUPU20250731184604.0150616s r 000 0 d aPE-LiUPUbspacPE-LiUPUerda04a985.512bO77r2231 aOrtiz, Dionisio,eautor.10aReseña histórica de la montaña del Pangoa, Gran Pajonal y Satipo (1673-1960) /cDionisio Ortíz, O. F. M. 1aLima :bSan Antonio,c1961. a516 páginas :bilustraciones, mapas, retratos ;c24 centímetros. atext2rdacontent aunmediated2rdamedia avolume2rdacarrier aIncluye bibliografía.0 aLa montaña del Pangoa y gran Pajonal hasta la independencia del Perú (1673-1824) -- Desde la independencia del Perú hasta la exploración de Mons. Francisco Irazola (1924-1912). aP136 aP135 aP134 aP133 aP144 aP143 aP87 aP35 aP20 aP14 aP10 aP0614aMisioneszPerúzJunín.24aMisioneszPerúzAmazonía.10aFranciscanosxMisiones.24aSatipo, Jun. (Perú : Provincia)xHistoria.20aPangoa, Jun. (Perú : Distrito)24aGran Pajonal, Lor. (Perú : Distrito)